000 00555nam a2200169 i 4500
001 182262
003 ES-MaACL
005 20251125063450.0
008 130729s1959 ru |||| | rus d
100 1 _aAndreev, Leonid Nikolaevich,
_d1871-1919
_9242530
245 1 1 _aRasskazy /
_cLeonid Andreev.
260 _a[Moscú :
_bs.n.,
_c1959]
300 _a84 p. ;
_c20 cm.
500 _aTexto ruso con grafía cirílica.
852 _aES-MaACL
_j2315-F-12
_z.- Donat. herederos de la bibl. de Mª del Pilar Costa Palacín
999 _c182262
_d182262